书目信息 |
| 题名: |
中国风景园林学会2019年会论文集
|
|
| 作者: | 孟兆祯 , 陈重 主编 ;中国风景园林学会 编 | |
| 分册: | 下册 | |
| 出版信息: | 北京 中国建筑工业出版社 2019 |
|
| 页数: | 2册(12,10,1450页) | |
| 开本: | 29cm | |
| 丛书名: | ||
| 单 册: | ||
| 中图分类: | TU986.2-5 | |
| 科图分类: | ||
| 主题词: | 园林设计--中国--文集 | |
| 电子资源: | ||
| ISBN: | 978-7-112-24169-9 | |
| 000 | 01116nam0 2200265 450 | |
| 001 | 2036803697 | |
| 005 | 20201107101332.87 | |
| 010 | @a978-7-112-24169-9@dCNY149.00 | |
| 100 | @a20191104d2019 em y0chiy50 ea | |
| 101 | 0 | @achi@deng |
| 102 | @aCN@b110000 | |
| 105 | @aab z 000yy | |
| 200 | 1 | @a中国风景园林学会2019年会论文集@9zhong guo feng jing yuan lin xue hui 2019 nian hui lun wen ji@h下册@e风景园林与美丽中国@f中国风景园林学会编 |
| 210 | @a北京@c中国建筑工业出版社@d2019 | |
| 215 | @a2册(12,10,1450页)@c地图,图@d29cm | |
| 314 | @a主编:孟兆祯、陈重 | |
| 330 | @a本书内容包括:风景园林理论与历史文化传承创新、公园城市理论与实践、风景园林产学研协同创新、风景园林工程技术创新与管理、风景园林植物种质资源创新与应用、风景名胜区与自然保护地等。 | |
| 517 | 1 | @a风景园林与美丽中国@9feng jing yuan lin yu mei li zhong guo |
| 606 | 0 | @a园林设计@y中国@j文集 |
| 690 | @aTU986.2-5@v5 | |
| 701 | 0 | @a孟兆祯@9meng zhao zhen@f(1932~)@4主编 |
| 701 | 0 | @a陈重@9chen zhong@4主编 |
| 712 | 02 | @a中国风景园林学会@9zhong guo feng jing yuan lin xue hui@4编 |
| 801 | @c20201012@aCN | |
| 905 | @aZUCC@dTU986.2-5@eM634 | |
| 中国风景园林学会2019年会论文集.下册:风景园林与美丽中国/中国风景园林学会编.-北京:中国建筑工业出版社,2019 |
| 2册(12,10,1450页):地图,图;29cm |
| ISBN 978-7-112-24169-9:CNY149.00 |
| 本书内容包括:风景园林理论与历史文化传承创新、公园城市理论与实践、风景园林产学研协同创新、风景园林工程技术创新与管理、风景园林植物种质资源创新与应用、风景名胜区与自然保护地等。 |
| ● |
| 相关链接 |
|
|
|
正题名:中国风景园林学会2019年会论文集
索取号:TU986.2-5/M634
 
预约/预借
| 序号 | 登录号 | 条形码 | 馆藏地/架位号 | 状态 | 备注 |
| 1 | 1484823 | 214848236 | 建筑库201/201建筑库 112排2列4层/ [索取号:TU986.2-5/M634] | 在馆 |